[Event "DVM U14w 2015"]
[Site "Magdeburg GER"]
[Date "2015.12.28"]
[Round "4"]
[White "Reinbold, Sorah Marie"]
[Black "Kirschner, Elena"]
[Result "0-1"]
[Termination "normal"]
[Board "6.2"]
[WhiteElo "917"]
[BlackElo "1089"]
[WhiteTeam "SK Endingen"]
[BlackTeam "Schachunion Berlin"]
[PlyCount "142"]
[WhiteFideId "12983497"]
[BlackFideId "16205804"]
[EventCountry "GER"]
[EventRounds "7"]
[EventType "team-swiss"]
[EventDate "2015.12.26"]

1. e4 c5 2. Bc4 Nc6 3. Nf3 g6 4. O-O Bg7 5. Nc3 d6 6. h3 Nf6 7. d3 O-O 8. d4 b6
9. e5 Nd7 10. exd6 exd6 11. dxc5 Nxc5 12. Ng5 Ne5 13. Bd5 Rb8 14. Nf3 Re8 15.
Nd4 Qf6 16. Ncb5 Re7 17. Nf3 Ba6 18. Bg5 Nxf3+ 19. Bxf3 Qxg5 20. Be2 Rd8 21. b4
Na4 22. Re1 Bxa1 23. Qxa1 Bxb5 24. Bxb5 Rxe1+ 25. Qxe1 Qxb5 26. a3 d5 27. Qe7
Qe8 28. Qxa7 d4 29. Qa6 Nb2 30. Qxb6 d3 31. cxd3 Rxd3 32. Qa6 Rd1+ 33. Kh2 Rd2
34. Qf1 Nd3 35. Kg1 Qa4 36. Kh2 Qd1 37. Qxd1 Rxd1 38. b5 Nxf2 39. a4 Rd4 40. a5
Rd5 41. Kg3 Nd1 42. Kf3 Rxb5 43. Ke2 Nb2 44. a6 Ra5 45. Kd2 Rxa6 46. Kc2 Nc4
47. Kd3 Nd6 48. g4 f5 49. gxf5 Nxf5 50. Ke4 Ra4+ 51. Kf3 h5 52. Kg2 g5 53. Kf3
g4+ 54. hxg4 hxg4+ 55. Kg2 g3 56. Kg1 Kg7 57. Kg2 Kg6 58. Kg1 Kg5 59. Kg2 Kg4
60. Kg1 Kh3 61. Kf1 Ra1+ 62. Ke2 g2 63. Kf3 g1=Q 64. Kf4 Rf1+ 65. Ke5 Qe3+ 66.
Kd5 Rd1+ 67. Kc4 Qc1+ 68. Kb3 Nd4+ 69. Kb4 Rd2 70. Ka4 Rb2 71. Ka3 Qa1# 0-1

[Event "DVM U14w 2015"]
[Site "Magdeburg GER"]
[Date "2015.12.28"]
[Round "4"]
[White "Kessen, Fanny"]
[Black "Wagner, Anna"]
[Result "0-1"]
[Termination "normal"]
[Board "6.3"]
[WhiteElo "860"]
[BlackElo "1006"]
[WhiteTeam "Schachunion Berlin"]
[BlackTeam "SK Endingen"]
[PlyCount "102"]
[BlackFideId "12983489"]
[EventCountry "GER"]
[EventRounds "7"]
[EventType "team-swiss"]
[EventDate "2015.12.26"]

1. e4 c6 2. d4 d5 3. exd5 cxd5 4. Bd3 Nc6 5. c3 Nf6 6. Bf4 Bg4 7. Nf3 e6 8. h3
Bh5 9. O-O Bd6 10. Bd2 O-O 11. Re1 Re8 12. Bc1 e5 13. Bg5 e4 14. g4 Bg6 15. Ne5
exd3 16. Nxc6 bxc6 17. Rxe8+ Qxe8 18. Bxf6 gxf6 19. h4 Qe2 20. Nd2 Qxd1+ 21.
Rxd1 Re8 22. h5 Be4 23. f3 f5 24. fxe4 fxe4 25. Kg2 e3 26. Nf3 e2 27. Re1 Bf4
28. Kf2 Be3+ 29. Kg3 d2 30. Nxd2 Bxd2 31. Rg1 e1=Q+ 32. Rxe1 Bxe1+ 33. Kf4 Re4+
34. Kf5 Kg7 35. g5 Bd2 36. h6+ Kg8 37. Kf6 Rg4 38. g6 fxg6 39. b4 Bxc3 40. a3
Bxd4+ 41. Ke6 Bb2 42. Kd6 Bxa3 43. Kc5 Bxb4+ 44. Kxc6 d4 45. Kb5 d3 46. Ka6 d2
47. Kxa7 d1=Q 48. Kb7 Qd6 49. Ka7 Rc4 50. Kb7 Rc7+ 51. Kb8 Qd8# 0-1

[Event "DVM U14w 2015"]
[Site "Magdeburg GER"]
[Date "2015.12.28"]
[Round "4"]
[White "Henninger, Claire"]
[Black "de Veer, Mara"]
[Result "1-0"]
[Termination "normal"]
[Board "6.4"]
[WhiteElo "747"]
[BlackElo "758"]
[WhiteTeam "SK Endingen"]
[BlackTeam "Schachunion Berlin"]
[PlyCount "91"]
[WhiteFideId "16200659"]
[BlackFideId "16217349"]
[EventCountry "GER"]
[EventRounds "7"]
[EventType "team-swiss"]
[EventDate "2015.12.26"]

1. e4 c5 2. Nf3 Nc6 3. Nc3 g6 4. Bc4 Bg7 5. Nd5 e6 6. Nf4 Nf6 7. d3 a6 8. O-O
b5 9. Bb3 O-O 10. Ng5 a5 11. c4 b4 12. Be3 d6 13. Qf3 Ne5 14. Qe2 Neg4 15. h3
Nxe3 16. Qxe3 Bh6 17. Nf3 e5 18. Ne6 Bxe3 19. Nxd8 Rxd8 20. fxe3 a4 21. Bc2 Bd7
22. Nxe5 dxe5 23. Rxf6 Kg7 24. Rd6 Be8 25. Rb6 Kf8 26. Rd1 f5 27. exf5 gxf5 28.
Rf6+ Ke7 29. Rxf5 Bc6 30. Rxe5+ Kd6 31. d4 cxd4 32. exd4 Rd7 33. c5+ Kc7 34. d5
Bb5 35. d6+ Kc8 36. Be4 Raa7 37. c6 Rd8 38. Rxb5 Rc7 39. Bf5+ Rcd7 40. Bxd7+
Rxd7 41. cxd7+ Kxd7 42. Rb7+ Kc6 43. Rc7+ Kb5 44. d7 a3 45. bxa3 Ka4 46. Rd5
1-0

[Event "DVM U14w 2015"]
[Site "Magdeburg GER"]
[Date "2015.12.28"]
[Round "4"]
[White "Fromm, Katja"]
[Black "Oswald, Lena"]
[Result "1/2-1/2"]
[Termination "normal"]
[Board "7.1"]
[WhiteElo "1653"]
[BlackElo "1554"]
[WhiteTeam "Muldental Wilkau-Haßlau"]
[BlackTeam "SG Leipzig"]
[PlyCount "160"]
[WhiteFideId "12929409"]
[BlackFideId "12983314"]
[EventCountry "GER"]
[EventRounds "7"]
[EventType "team-swiss"]
[EventDate "2015.12.26"]

1. d4 d5 2. c4 dxc4 3. e3 Nf6 4. Bxc4 e6 5. Nc3 c5 6. Nf3 a6 7. O-O Nc6 8. a3
Be7 9. dxc5 Qxd1 10. Rxd1 Bxc5 11. b4 Be7 12. Bb2 O-O 13. Nd4 Nxd4 14. Rxd4 b5
15. Bb3 Bb7 16. Rad1 Rfd8 17. f3 Rxd4 18. Rxd4 Rd8 19. Rxd8+ Bxd8 20. e4 Bc7
21. Ne2 Nd7 22. g3 Ne5 23. Bxe5 Bxe5 24. a4 Bd6 25. axb5 axb5 26. Nd4 Ba6 27.
Nc2 Be5 28. Kf2 Kf8 29. Ke3 Ke7 30. Nd4 Kd7 31. Bd1 Kc7 32. Be2 Kb6 33. f4 Bd6
34. Nc2 Be7 35. Bd3 h6 36. Kd4 Kc6 37. Kc3 Bf6+ 38. Nd4+ Kb6 39. e5 Be7 40. Bh7
f6 41. Nxe6 fxe5 42. fxe5 g5 43. Nd4 Bc8 44. e6 Bf6 45. Bf5 Kc7 46. Kd3 Ba6 47.
Nb3 Bb7 48. Nc5 Bd5 49. Bg6 Kd6 50. Be8 Bc4+ 51. Ke3 Ke7 52. Bd7 Bc3 53. Nd3
Bxd3 54. Kxd3 Bxb4 55. Ke4 Kf6 56. Kd5 Be7 57. Bxb5 Ba3 58. Bd7 Be7 59. Ke4 Bd6
60. Kf3 Bc7 61. Kg4 Bd8 62. Kh5 Kg7 63. Kg4 Kf6 64. Bc8 Be7 65. h4 gxh4 66.
gxh4 Bd8 67. Bd7 Be7 68. Kh5 Kg7 69. Ba4 Bd8 70. Bc2 Be7 71. Kg4 Kf6 72. Bf5
Bd8 73. Kf4 Be7 74. Bg4 Bd8 75. h5 Be7 76. Ke4 Bd8 77. Kd5 Be7 78. Kc6 Bf8 79.
Kd7 Be7 80. Ke8 Bc5 1/2-1/2

[Event "DVM U14w 2015"]
[Site "Magdeburg GER"]
[Date "2015.12.28"]
[Round "4"]
[White "Fischer, Laura"]
[Black "Böhle, Rebecca"]
[Result "0-1"]
[Termination "normal"]
[Board "7.2"]
[WhiteElo "1214"]
[BlackElo "1472"]
[WhiteTeam "SG Leipzig"]
[BlackTeam "Muldental Wilkau-Haßlau"]
[PlyCount "110"]
[WhiteFideId "16208935"]
[BlackFideId "12963933"]
[EventCountry "GER"]
[EventRounds "7"]
[EventType "team-swiss"]
[EventDate "2015.12.26"]

1. e4 e5 2. Nf3 Nc6 3. Bc4 Bc5 4. d3 d6 5. Nc3 Nf6 6. h3 Be6 7. Bb3 O-O 8. Bg5
h6 9. Bh4 Na5 10. O-O Nxb3 11. axb3 c6 12. d4 exd4 13. Nxd4 Bb6 14. Nf5 Bxf5
15. exf5 d5 16. Qf3 Qd6 17. Rad1 Bc7 18. Bg3 Qd7 19. Bh4 Nh7 20. Rd4 Qd6 21.
Bg3 Qf6 22. Rg4 Bxg3 23. fxg3 Rfe8 24. Qf4 Rad8 25. Kh2 Re5 26. Qf2 b6 27. Rd4
Rde8 28. Rd3 Ng5 29. Qf4 Ne4 30. Nd1 Nd6 31. g4 Re4 32. Qf3 Qe5+ 33. Qg3 Qxg3+
34. Kxg3 Re2 35. Rf2 Ne4+ 36. Kf3 Nxf2 37. Nxf2 Rxc2 38. Nd1 Ree2 39. h4 Rxg2
40. Kf4 Rg1 41. Rc3 Rxc3 42. Nxc3 Rg2 43. Na4 b5 44. Nc5 Rxb2 45. g5 hxg5+ 46.
hxg5 Rc2 47. Nd7 Rc3 48. Ke5 Rxb3 49. Kd6 Rc3 50. Ne5 b4 51. Ke7 Re3 52. Kd6
Rxe5 53. Kxe5 b3 54. Kd6 b2 55. Kxc6 b1=Q 0-1

[Event "DVM U14w 2015"]
[Site "Magdeburg GER"]
[Date "2015.12.28"]
[Round "4"]
[White "Von Jan, Lena"]
[Black "Fege, Astrid"]
[Result "1-0"]
[Termination "normal"]
[Board "7.3"]
[WhiteElo "1424"]
[BlackElo "1177"]
[WhiteTeam "Muldental Wilkau-Haßlau"]
[BlackTeam "SG Leipzig"]
[PlyCount "93"]
[WhiteFideId "12946060"]
[BlackFideId "16217152"]
[EventCountry "GER"]
[EventRounds "7"]
[EventType "team-swiss"]
[EventDate "2015.12.26"]

1. e4 c5 2. Nf3 d6 3. Bb5+ Bd7 4. Bxd7+ Nxd7 5. O-O Ngf6 6. Re1 Ng4 7. c3 c4 8.
d4 cxd3 9. Qxd3 Nge5 10. Qe2 g6 11. Nd4 Bg7 12. Nd2 O-O 13. N2f3 Rc8 14. h3 Nc4
15. Rd1 Nde5 16. Bf4 Qd7 17. b3 Nxf3+ 18. Qxf3 Nb6 19. Bg3 Rc7 20. Rac1 Rcc8
21. c4 Rfd8 22. Qe3 e6 23. Nb5 d5 24. Nxa7 Ra8 25. Qxb6 Bh6 26. Rc3 d4 27. Rcd3
Bg7 28. e5 Qe7 29. Rxd4 Re8 30. R1d2 Bh6 31. Bf4 Bg7 32. Rd7 Qh4 33. Bg3 Qg5
34. Qxb7 Bxe5 35. Bxe5 Qxe5 36. Rxf7 Rab8 37. Qd7 h5 38. Nc6 Qh8 39. Nxb8 Rxb8
40. Re7 Qh6 41. Rxe6 Qf4 42. Rxg6+ Kf8 43. Qg7+ Ke8 44. Re2+ Kd8 45. Qe7+ Kc8
46. Rg8+ Qf8 47. Rxf8# 1-0

[Event "DVM U14w 2015"]
[Site "Magdeburg GER"]
[Date "2015.12.28"]
[Round "4"]
[White "Heck, Jasmin"]
[Black "Dietzel, Emilie"]
[Result "1-0"]
[Termination "normal"]
[Board "7.4"]
[WhiteElo "919"]
[BlackElo "1160"]
[WhiteTeam "SG Leipzig"]
[BlackTeam "Muldental Wilkau-Haßlau"]
[PlyCount "73"]
[WhiteFideId "16217160"]
[BlackFideId "16217144"]
[EventCountry "GER"]
[EventRounds "7"]
[EventType "team-swiss"]
[EventDate "2015.12.26"]

1. e4 c6 2. d4 d5 3. exd5 cxd5 4. Nc3 Nf6 5. Bb5+ Bd7 6. Nf3 e6 7. O-O Bxb5 8.
Nxb5 a6 9. Nc3 Nc6 10. Bf4 Be7 11. Qe2 O-O 12. Rae1 Bd6 13. Bxd6 Qxd6 14. g3
Qb4 15. Qd2 Rfe8 16. Re3 Re7 17. Rfe1 Rd8 18. Rd3 Qd6 19. Ne5 Nd7 20. f4 Nb6
21. Qf2 f6 22. Nxc6 Qxc6 23. g4 Nc4 24. b3 Nd6 25. Rde3 Nf7 26. h3 b5 27. Kh2
Nd6 28. f5 e5 29. h4 Ree8 30. Nd1 Ne4 31. Qg2 exd4 32. R3e2 Qc7+ 33. Kh3 Qf7
34. Nf2 Nxf2+ 35. Qxf2 Rxe2 36. Rxe2 Qa7 37. c3 1-0

[Event "DVM U14w 2015"]
[Site "Magdeburg GER"]
[Date "2015.12.28"]
[Round "4"]
[White "Alferova, Ekaterina"]
[Black "Rudolph, Eva"]
[Result "0-1"]
[Termination "normal"]
[Board "8.1"]
[WhiteElo "1348"]
[BlackElo "1562"]
[WhiteTeam "SC Ammersee"]
[BlackTeam "Düsseldorfer SK 14/25"]
[PlyCount "122"]
[WhiteFideId "16217250"]
[BlackFideId "16200594"]
[EventCountry "GER"]
[EventRounds "7"]
[EventType "team-swiss"]
[EventDate "2015.12.26"]

1. e4 e5 2. Nf3 d6 3. d4 exd4 4. Nxd4 Nf6 5. Nc3 Be7 6. g3 O-O 7. Bg2 c6 8. O-O
Re8 9. h3 a5 10. Be3 Na6 11. Nde2 Bf8 12. Nf4 Qc7 13. a3 b5 14. Qd3 Rb8 15.
Rab1 b4 16. Na2 c5 17. axb4 axb4 18. b3 Bd7 19. Rfe1 Bb5 20. Nd5 Nxd5 21. Qxd5
Qd8 22. Bf4 Nc7 23. Qd2 Ba6 24. c3 bxc3 25. Nxc3 Nb5 26. Nxb5 Rxb5 27. Bf1 Rb6
28. Bxa6 Rxa6 29. Qd5 Qb6 30. Red1 Rb8 31. e5 dxe5 32. Bxe5 Rba8 33. Ra1 Rxa1
34. Rxa1 Rd8 35. Qc4 Qb4 36. Qxb4 cxb4 37. Kg2 f6 38. Bf4 Rd3 39. Rb1 Kf7 40.
Kf1 Ke6 41. Ke2 Rc3 42. Kd2 Kd5 43. Rb2 Bc5 44. Ke2 Ke4 45. Bd2 Rf3 46. Be1 Bd4
47. Rb1 Bc3 48. Bxc3 Rxc3 49. Rb2 g5 50. h4 gxh4 51. gxh4 h5 52. Rb1 Kf4 53.
Rb2 Kg4 54. Rd2 Rf3 55. Rd4+ Rf4 56. f3+ Kg3 57. Rxf4 Kxf4 58. Kf2 f5 59. Ke2
Kg3 60. Ke3 Kxh4 61. Kf4 Kh3 0-1

[Event "DVM U14w 2015"]
[Site "Magdeburg GER"]
[Date "2015.12.28"]
[Round "4"]
[White "Paulweber, Lara Maria"]
[Black "Heinze, Sabrina"]
[Result "1-0"]
[Termination "normal"]
[Board "8.2"]
[WhiteElo "1404"]
[BlackElo "1435"]
[WhiteTeam "Düsseldorfer SK 14/25"]
[BlackTeam "SC Ammersee"]
[PlyCount "71"]
[WhiteFideId "12954411"]
[BlackFideId "12981737"]
[EventCountry "GER"]
[EventRounds "7"]
[EventType "team-swiss"]
[EventDate "2015.12.26"]

1. d4 d5 2. Nf3 Nf6 3. Bf4 Nbd7 4. e3 c6 5. Bd3 e6 6. Nbd2 Be7 7. c3 Qb6 8. Qc2
c5 9. Qb1 c4 10. Bc2 O-O 11. Ne5 a6 12. Ndf3 Nxe5 13. Nxe5 h6 14. g4 Nd7 15.
Rg1 Nxe5 16. dxe5 Qd8 17. Bg3 f6 18. exf6 Rxf6 19. Bh4 Rf7 20. Bxe7 Qxe7 21.
Bg6 Rf8 22. Qc2 Qh4 23. Rg2 e5 24. Qd2 Be6 25. O-O-O b5 26. Bf5 Bf7 27. Rdg1 a5
28. g5 Be8 29. Qxd5+ Bf7 30. Qxe5 g6 31. gxh6 Qxh6 32. Rxg6+ Bxg6 33. Rxg6+ Kh7
34. Qe7+ Kh8 35. Rxh6+ Kg8 36. Qh7# 1-0

[Event "DVM U14w 2015"]
[Site "Magdeburg GER"]
[Date "2015.12.28"]
[Round "4"]
[White "Kogan, Dina Rachel"]
[Black "Heinze, Vanessa"]
[Result "1-0"]
[Termination "normal"]
[Board "8.4"]
[WhiteElo "1200"]
[BlackElo "737"]
[WhiteTeam "Düsseldorfer SK 14/25"]
[BlackTeam "SC Ammersee"]
[PlyCount "75"]
[WhiteFideId "16200608"]
[BlackFideId "16208412"]
[EventCountry "GER"]
[EventRounds "7"]
[EventType "team-swiss"]
[EventDate "2015.12.26"]

1. e4 e5 2. d4 exd4 3. Qxd4 Nc6 4. Qe3 Be7 5. Nc3 Nf6 6. Bd2 d6 7. O-O-O Bg4 8.
Be2 O-O 9. h4 a5 10. h5 h6 11. Bxg4 Nxg4 12. Qg3 Nf6 13. Bxh6 g6 14. Bxf8 Qxf8
15. hxg6 fxg6 16. Nge2 Qf7 17. Qh3 Qh7 18. Qe6+ Qf7 19. Qh3 Qh7 20. Qxh7+ Nxh7
21. Rh3 Ng5 22. Rg3 a4 23. f4 Nf7 24. Rxg6+ Kf8 25. Nd5 Ra5 26. f5 Nh8 27. Nxe7
Nxe7 28. Rg3 Nc6 29. Rf1 Ra8 30. f6 Nb4 31. a3 Nc6 32. Rg7 Ra5 33. g4 Ne5 34.
g5 Ng4 35. f7 Re5 36. Rg8+ Ke7 37. f8=Q+ Ke6 38. Qe8# 1-0

[Event "DVM U14w 2015"]
[Site "Magdeburg GER"]
[Date "2015.12.28"]
[Round "4"]
[White "Glinzner, Alva"]
[Black "Kunisch, Nina"]
[Result "1/2-1/2"]
[Termination "normal"]
[Board "9.1"]
[WhiteElo "1523"]
[BlackElo "1406"]
[WhiteTeam "Lübecker SV von 1873"]
[BlackTeam "SK Neumarkt"]
[PlyCount "44"]
[WhiteFideId "16206169"]
[BlackFideId "12982849"]
[EventCountry "GER"]
[EventRounds "7"]
[EventType "team-swiss"]
[EventDate "2015.12.26"]

1. e4 c5 2. Nf3 Nc6 3. d4 cxd4 4. Nxd4 g6 5. Bc4 Bg7 6. c3 d6 7. O-O Nf6 8. Re1
O-O 9. Bg5 Bd7 10. Nd2 a6 11. N2f3 b5 12. Bb3 Qc7 13. Qd2 Qb7 14. Bc2 Rac8 15.
Rac1 Rfe8 16. h3 b4 17. cxb4 Nxb4 18. Bb1 d5 19. Rxc8 Bxc8 20. exd5 Nbxd5 21.
Bxf6 Nxf6 22. Nb3 Qd5 1/2-1/2

[Event "DVM U14w 2015"]
[Site "Magdeburg GER"]
[Date "2015.12.28"]
[Round "4"]
[White "Schilay, Maria"]
[Black "Mundt, Alexandra"]
[Result "1-0"]
[Termination "normal"]
[Board "9.2"]
[WhiteElo "1190"]
[BlackElo "973"]
[WhiteTeam "SK Neumarkt"]
[BlackTeam "Lübecker SV von 1873"]
[PlyCount "79"]
[WhiteFideId "12942979"]
[BlackFideId "16217276"]
[EventCountry "GER"]
[EventRounds "7"]
[EventType "team-swiss"]
[EventDate "2015.12.26"]

1. e4 e5 2. Nf3 Nc6 3. Nc3 Nf6 4. a3 Be7 5. Bc4 d6 6. O-O O-O 7. d4 Bg4 8. d5
Nd4 9. Be3 Nxf3+ 10. gxf3 Bh3 11. Re1 Nd7 12. Kh1 Nb6 13. Bb3 Qd7 14. Rg1 Kh8
15. f4 exf4 16. Bxf4 Bh4 17. Be3 f5 18. Qh5 Qe7 19. Bg5 Bxg5 20. Qxg5 Qxg5 21.
Rxg5 fxe4 22. Nxe4 Rae8 23. Nc3 Rxf2 24. Rag1 Ref8 25. R5g3 Bf5 26. Rxg7 Bxc2
27. Bxc2 Rxc2 28. Rxc7 Rxb2 29. Rxb7 Rb3 30. Ne4 Rxa3 31. Rgg7 Rh3 32. Ng5 Rh5
33. Nf7+ Rxf7 34. Rgxf7 Kg8 35. Rxa7 Nc8 36. Rab7 Rxd5 37. Rfc7 Rd1+ 38. Kg2
Rd2+ 39. Kf3 Rd3+ 40. Ke4 1-0

[Event "DVM U14w 2015"]
[Site "Magdeburg GER"]
[Date "2015.12.28"]
[Round "4"]
[White "Gossing, Marie-Sophie"]
[Black "Held, Fabienne"]
[Result "0-1"]
[Termination "normal"]
[Board "9.3"]
[WhiteElo "719"]
[BlackElo "1157"]
[WhiteTeam "Lübecker SV von 1873"]
[BlackTeam "SK Neumarkt"]
[PlyCount "82"]
[WhiteFideId "16217284"]
[BlackFideId "12964670"]
[EventCountry "GER"]
[EventRounds "7"]
[EventType "team-swiss"]
[EventDate "2015.12.26"]

1. e4 e5 2. Nf3 Nc6 3. Bc4 Bc5 4. Nc3 d6 5. d3 Bg4 6. h3 Be6 7. Bb3 h6 8. O-O
Nf6 9. Be3 Bb6 10. Qd2 Qd7 11. Rfe1 O-O-O 12. Nb5 g5 13. Ba4 Kb8 14. Qc3 Ba5
15. b4 Bxb4 16. Qb3 Bxb3 17. axb3 Bxe1 18. Rxe1 Qe6 19. Ra1 h5 20. Nxg5 Qe7 21.
Nf3 Rhg8 22. Bg5 Qe6 23. c4 Rg7 24. Bh6 Rg6 25. Be3 Rdg8 26. g3 Qxh3 27. Bg5
Nh7 28. Bh4 f5 29. Nc3 f4 30. Ne2 Qg4 31. Kg2 Ng5 32. Neg1 Nxf3 33. Nxf3 fxg3
34. Bxg3 Nd4 35. Nh2 Qg5 36. Rg1 Ne2 37. Rh1 Nxg3 38. fxg3 Qxg3+ 39. Kf1 Qe3
40. Rg1 Rf8+ 41. Nf3 Rxf3# 0-1

[Event "DVM U14w 2015"]
[Site "Magdeburg GER"]
[Date "2015.12.28"]
[Round "4"]
[White "Oschlies, Tami"]
[Black "Stas, Antonia"]
[Result "1/2-1/2"]
[Termination "normal"]
[Board "10.1"]
[WhiteElo "958"]
[BlackElo "920"]
[WhiteTeam "SC Borussia 1920 Friedrichsfelde"]
[BlackTeam "Hamburger SK von 1830"]
[PlyCount "81"]
[WhiteFideId "16217365"]
[BlackFideId "16217403"]
[EventCountry "GER"]
[EventRounds "7"]
[EventType "team-swiss"]
[EventDate "2015.12.26"]

1. e4 e5 2. Nf3 Nc6 3. Bc4 Bc5 4. d3 Nf6 5. c3 d6 6. O-O Bg4 7. h3 Bh5 8. Re1
O-O 9. Bb3 Na5 10. Bc2 d5 11. b4 Bb6 12. bxa5 Bxa5 13. exd5 Qxd5 14. Re3 Rfe8
15. Bb2 Qc6 16. c4 e4 17. dxe4 Nxe4 18. Qd5 Qxd5 19. cxd5 Nf6 20. Rxe8+ Rxe8
21. Bb3 c6 22. dxc6 bxc6 23. Nc3 Bxc3 24. Bxc3 Ne4 25. Re1 Kh8 26. Ba4 f5 27.
Bxc6 Rc8 28. Bxe4 fxe4 29. g4 Bg6 30. Ne5 Rxc3 31. Nxg6+ hxg6 32. Rxe4 Rxh3 33.
Kg2 Ra3 34. Re2 Kh7 35. f3 Kh6 36. Kg3 g5 37. Rb2 Kg6 38. Kf2 Kf6 39. Ke2 Ke5
40. Kf2 Kf4 41. Rb4+ 1/2-1/2

[Event "DVM U14w 2015"]
[Site "Magdeburg GER"]
[Date "2015.12.28"]
[Round "4"]
[White "Müller-Glewe, Franka"]
[Black "Buschek, Paula"]
[Result "1-0"]
[Termination "normal"]
[Board "10.2"]
[WhiteElo "899"]
[BlackElo "794"]
[WhiteTeam "Hamburger SK von 1830"]
[BlackTeam "SC Borussia 1920 Friedrichsfelde"]
[PlyCount "57"]
[WhiteFideId "16207181"]
[BlackFideId "16217373"]
[EventCountry "GER"]
[EventRounds "7"]
[EventType "team-swiss"]
[EventDate "2015.12.26"]

1. e4 c5 2. Nc3 Nc6 3. Nf3 d6 4. h3 Nf6 5. Bc4 g6 6. O-O Bg7 7. d4 O-O 8. Bf4
Nh5 9. Be3 a6 10. dxc5 dxc5 11. Bxc5 b5 12. Bb3 b4 13. Nd5 a5 14. c3 bxc3 15.
bxc3 Nf6 16. Ba4 Bb7 17. c4 Nxe4 18. Re1 Bxa1 19. Qxa1 Nxc5 20. Bc2 Nb4 21.
Nxe7+ Qxe7 22. Rxe7 Nxc2 23. Qe5 Rac8 24. Ng5 Rce8 25. Rxe8 Rxe8 26. Qxe8+ Kg7
27. Qxf7+ Kh6 28. f4 Bc8 29. Qxh7# 1-0

[Event "DVM U14w 2015"]
[Site "Magdeburg GER"]
[Date "2015.12.28"]
[Round "4"]
[White "Eilers-König, Nadja"]
[Black "Wittich, Carlotta"]
[Result "1-0"]
[Termination "normal"]
[Board "10.3"]
[WhiteElo "791"]
[BlackElo "864"]
[WhiteTeam "SC Borussia 1920 Friedrichsfelde"]
[BlackTeam "Hamburger SK von 1830"]
[PlyCount "65"]
[WhiteFideId "16217390"]
[BlackFideId "16217411"]
[EventCountry "GER"]
[EventRounds "7"]
[EventType "team-swiss"]
[EventDate "2015.12.26"]

1. c4 e5 2. Nc3 Nf6 3. d3 Nc6 4. Nf3 Bc5 5. g3 d6 6. Bg2 O-O 7. O-O Qd7 8. Bg5
h6 9. Bxf6 gxf6 10. Qd2 h5 11. Qh6 Qf5 12. Ne4 Qg6 13. Nxf6+ Qxf6 14. Qxf6 Nd4
15. Nxd4 Bxd4 16. Rab1 a6 17. Qh6 Be6 18. Bxb7 Ra7 19. Be4 f5 20. Qxe6+ Rf7 21.
Bxf5 Ra8 22. Bg6 Raf8 23. Bxf7+ Rxf7 24. a3 Bc5 25. b4 Bb6 26. a4 a5 27. c5
dxc5 28. bxc5 Bxc5 29. Rfc1 Bxf2+ 30. Kg2 h4 31. Rf1 Kf8 32. Rxf2 Rxf2+ 33.
Kxf2 1-0